| 000 | 01853nam a2200277Ia 4500 | ||
|---|---|---|---|
| 999 |
_c51746 _d51746 |
||
| 001 | 18738 | ||
| 003 | GE_BSU | ||
| 005 | 20220920110133.0 | ||
| 008 | 181216s2012||||ge |||||||||||||| ||geo|| | ||
| 040 | _cGE_BSU | ||
| 041 | _ageo | ||
| 080 | _a615.1 გ-14 | ||
| 100 |
_aგაგუა, ნათია _911722 |
||
| 245 |
_aმცენარეული ალკოლოიდების შემცვლელი წამალთფორმირების მიღების თანამედროვე ტექნოლოგიების შემუშავება : დისერტაცია / _cნათია გაგუა; სამეცნიერო ხელმძღვანელი ა. ბაკურიძე, ვ. ვაჩნაძე; თბილისის სახელმწიფო სამედიცინო უნივერსიტეტი _h |
||
| 250 | _a. | ||
| 264 |
_aთბილისი, _c2012. |
||
| 300 |
_a270 გვ.; _b18 სმ. |
||
| 653 | _aდისერტაცია | ||
| 653 | _aმედიცინა | ||
| 653 | _aმცენარეული ალკოლოიდების შემცვლელი წამალთფორმირების მიღების თანამედროვე ტექნოლოგიების შემუშავება | ||
| 653 | _aფარმაცია | ||
| 700 |
_aბაკურიძე, ა. _eსამეცნიერო ხელმძღვანელი _911723 |
||
| 700 |
_aვაჩნაძე, ვ. _eსამეცნიერო ხელმძღვანელი _911720 |
||
| 710 |
_aთბილისის სახელმწიფო სამედიცინო უნივერსიტეტი _911724 |
||
| 942 |
_cBK _2udc |
||